MARC

LEADER 00000nas a2200000 a 4500
001 ssj0000553
003 WaSeSS
005 20200512172242.0
006 m d
007 cr n
008 020430c19939999enkmx pss 0 a0eng c
010 |a  2002238415  |z  2001227408 
015 |a GBA603399  |2 bnb 
016 7 |a 1483403-0  |2 DE-600 
016 7 |a 013353060  |2 Uk 
022 |a 1465-3427  |l 0966-8136  |y 0966-8136 
030 |a EASTER 
035 |a (WaSeSS)ssj0000553 
040 |a IUL  |b eng  |e pn  |c IUL  |d OCLCQ  |d F#A  |d EYM  |d MUQ  |d OCLCQ  |d LOA  |d CIT  |d OCLCQ  |d UKMGB  |d OCLCQ  |d OCLCF  |d OCLCO  |d VT2  |d OCLCQ  |d DOS  |d OCLCO  |d UKBOL  |d OCLCE  |d MUX  |d FIE  |d CSU  |d OCLCO  |d OCLCA  |d WT2  |d NLE  |d DLC  |d AU@  |d OCLCO  |d NJT  |d OCL  |d SFB  |d OCLCQ  |d OCLCO  |d WaSeSS 
042 |a pcc 
043 |a ee-----  |a me-----  |a e-ur--- 
050 0 0 |a DK266.A2 
245 0 0 |a Europe-Asia studies  |h [electronic resource]. 
260 |3 1993- :  |a [London] :  |b Carfax,  |c 1993- 
260 3 |3 <2009->  |a Abingdon, Oxfordshire, UK :  |b Routledge, Taylor & Francis 
310 |a 10 issues per year,  |b 2009- 
321 |a Irregular,  |b 1993-2007 
362 1 |a Began with vol. 45, issue 1 (1993). 
506 |a License restrictions may limit access. 
588 0 |a Vol. 45, issue 1 (1993); title from journal cover image on homepage (publisher's Web site, viewed Apr. 20, 2002). 
588 1 |a Vol. 70, issue 1 (2018) (Taylor & Francis, viewed Jan. 31, 2018). 
650 0 7 |a POLITICAL CONDITIONS.  |2 unbist 
650 0 7 |a COMMONWEALTH OF INDEPENDENT STATES.  |2 unbist 
650 0 7 |a GEORGIA.  |2 unbist 
650 0 7 |a BALTIC STATES.  |2 unbist 
650 0 7 |a CENTRAL ASIA.  |2 unbist 
650 0 7 |a EASTERN EUROPE.  |2 unbist 
650 0 7 |a EASTERN EUROPEAN STUDIES.  |2 unbist 
651 0 |a Europe, Eastern  |v Periodicals. 
651 0 |a Eurasia  |v Periodicals. 
651 0 |a Former Soviet republics  |v Periodicals. 
651 0 |a Soviet Union  |x History  |v Periodicals. 
651 6 |a Europe de l'Est  |v Périodiques. 
651 6 |a Eurasie  |v Périodiques. 
651 6 |a Ex-URSS  |v Périodiques. 
651 6 |a URSS  |v Périodiques. 
651 7 |a Eurasia.  |2 fast  |0 (OCoLC)fst01245058 
651 7 |a Eastern Europe.  |2 fast  |0 (OCoLC)fst01245079 
651 7 |a Soviet Union.  |2 fast  |0 (OCoLC)fst01210281 
651 7 |a Soviet Union  |z Former Soviet republics.  |2 fast  |0 (OCoLC)fst01262458 
653 |a Politics and international relations 
655 0 |a Electronic journals. 
710 2 |a University of Glasgow. 
776 0 8 |i Print version:  |t Europe-Asia studies  |x 0966-8136  |w (DLC) 93645761  |w (OCoLC)27447826 
780 0 0 |t Soviet studies (Online)  |w (DLC) 2001227407  |w (OCoLC)48537252 
850 |a DLC 
853 2 0 |8 1  |a v.  |b no.  |u 8  |v r  |i (year)  |j (month)  |w 8  |x 01  |y pm01,03,05,06,07,09,11,12 
856 4 0 |z Full text available from Research Library: 09/01/1997 to 11/30/2000  |u https://search.proquest.com/publication/25063 
863 4 1 |8 1.1  |a 51  |b 1  |i 1999  |j 01